A review of capital budgeting practices /

Bibliographic Details
Main Author: Jacobs, Davina F.
Other Authors: Catsambas, Thanos.
Format: eBook
Language:English
Published: [Washington, District of Columbia] : International Monetary Fund, 2008.
Series:IMF working paper ; WP/08/160
Subjects:
Online Access:Click to View
LEADER 01636nam a2200421 i 4500
001 EBC1607933
003 MiAaPQ
005 20200520144314.0
006 m o d |
007 cr cnu||||||||
008 140226t20082008dcua ob 000 0 eng d
035 |a (MiAaPQ)EBC1607933 
035 |a (Au-PeEL)EBL1607933 
035 |a (CaPaEBR)ebr10369012 
035 |a (CaONFJC)MIL284111 
035 |a (OCoLC)763060677 
040 |a MiAaPQ  |b eng  |e rda  |e pn  |c MiAaPQ  |d MiAaPQ 
050 4 |a HJ2009  |b .J336 2008 
082 0 |a 352.48  |2 23 
100 1 |a Jacobs, Davina F. 
245 1 2 |a A review of capital budgeting practices /  |c Davina F. Jacobs ; authorized for distribution by Thanos Catsambas. 
264 1 |a [Washington, District of Columbia] :  |b International Monetary Fund,  |c 2008. 
264 4 |c 2008 
300 |a 1 online resource (26 pages) :  |b illustrations. 
336 |a text  |2 rdacontent 
337 |a computer  |2 rdamedia 
338 |a online resource  |2 rdacarrier 
440 0 |a IMF working paper ;  |v WP/08/160 
504 |a Includes bibliographical references. 
588 |a Description based on online resource; title from PDF front page (ebrary, viewed February 26, 2014). 
590 |a Electronic reproduction. Ann Arbor, MI : ProQuest, 2015. Available via World Wide Web. Access may be limited to ProQuest affiliated libraries. 
650 0 |a Budget process. 
650 0 |a Capital investments. 
650 0 |a Expenditures, Public. 
655 4 |a Electronic books. 
700 1 |a Catsambas, Thanos. 
797 2 |a ProQuest (Firm) 
856 4 0 |u https://ebookcentral.proquest.com/lib/matrademy/detail.action?docID=1607933  |z Click to View